The Legend of King Arthur - Statistics

General Stats
  • This quiz has been taken 1,945 times
  • The average score is 14 of 50
Answer Stats
N Name Hint % Correct
27 Sir Lancelot Knight of (44); has affair with (22); periodically insane
92%
35 Merlin (49)'s court wizard
86%
22 Queen Guinevere Arthur's queen
83%
7 Camelot Arthur's castle
80%
14 Excalibur Arthur's sword
76%
37 Morgan "Fay" sorceress; Arthur's half-sister, daughter of (20) and (24)
74%
44 The Round Table Furniture item; used as symbol of Arthur's knights
70%
2 Avalon Island where Arthur's body is taken after (8)
65%
49 King Uther Arthur's father and predecessor
65%
36 Mordred Incestuous son of Arthur and (38); Arthur's betrayer
63%
23 The Holy Grail Object sought in the biggest quest of the Knights of (44)
56%
19 Sir Gawain Knight of (44); Arthur's oldest nephew, son of (31) and (38)
55%
16 Sir Galahad Knight of (44); son of (27); eventually finds (23)
54%
43 Sir Percival Knight of (44); innocent; son of (41); participates in Quest for (23)
47%
42 Pendragon Surname of (49) and hence of Arthur
46%
47 Sir Tristan Knight of (44); lover of (25)
29%
26 Sir Kay Knight of (44); son of (12); Arthur's seneschal
28%
24 Queen Igraine Arthur's mother
27%
25 Queen Isolde Stepmother and lover of (47)
22%
39 Nimuë Lady of the Lake; ensorcels (35)
21%
4 Sir Bedivere Knight of (44); Arthur's marshall; returns (14) to the Lake after (8)
21%
5 Sir Bors Knight of (44); cousin of (27); participates in Quest for (23)
20%
38 Queen Morgause Arthur's half-sister, daughter of (20) and (24); mother of (36) and (19)
18%
46 Tintagel (20)'s castle; Arthur's place of conception
18%
31 King Lot King of Orkney; husband of (38); father of (19)
16%
13 Lady Elaine Wife of (27); mother of (16); daughter of (40)
15%
12 Sir Ector Arthur's foster-father
15%
18 Sir Gareth "Fair-Handed" Knight of (44); brother of (19); killed by (27)
14%
1 Sir Agravain Knight of (44); brother of (19); exposes affair between (27) and (22)
13%
8 Battle of Camlann Arthur's final battle, where he and (36) deal mortals blows to each other
12%
50 Sir Ywain Knight of (44); son of (48) and (37)
10%
3 King Ban King of Benoic; Father of (27)
9%
34 King Mark King of Lyonesse; husband of (25) and father of (47)
9%
41 King Pellinore Knight of (44); pursuer of the Questing Beast; brother of (40)
9%
20 Duke Gorlois Duke of Cornwall; first husband of (24)
8%
15 Sir Gaheris Knight of (44); brother of (19); kills his mother, (38); killed by (27)
8%
10 "Sir" Dagonet Arthur's court jester
6%
45 The Siege Perilous Chair at (44) that nobody can sit in until (16)
6%
9 King Constantine Arthur's ultimate successor
5%
28 King Leodegrance Father of (22); gave (44) to Arthur as wedding present
5%
48 King Urien King of Gore; husband of (37)
5%
29 Sir Lionel Knight of (44); brother of (5)
5%
30 Logres Arthur's kingdom
4%
33 Maleagant Villain who abducts (22)
4%
11 Sir Dinadan Knight of (44); brother of (6); can recognize knights in armor
4%
32 Sir Lucan Knight of (44); brother of (4); Arthur's butler
4%
40 King Pelles "Fisher" King of Corbenic; guards (23)
3%
17 Lord Galehaut Attacked Arthur's kingdom, but called off the attack after befriending (27)
3%
21 Sir Griflet Knight of (44); advisor of Arthur; cousin of (4)
3%
6 Sir Brunor Knight of (44); wears ill-fitting coat of his father, who was killed by (47)
2%
No matching quizzes found
Score Distribution
Percent of People with Each Score
Percentile by Number Answered
Your Score History
You have not taken this quiz